000 01259nam a22003617a 4500
003 CHAP
005 20220329143122.0
008 060519d1978 mx r 00110 spa d
010 _a92201
011 _a93173
035 _a103745
040 _cCHAP
090 _aTesis
100 0 0 _aEguiluz Piedra, Teobaldo.
_935767
245 1 0 _aEnsayo de integración de los conocimientos sobre el genero Pinus en México
_c/por Teobaldo Eguiluz Piedra
260 _aChapingo, Méx. :
_bEl autor,
_c1978.
300 _a623 h. :
_bgráfs. ; mapas
502 _aTesis (Ing. Agr. Esp. en Bosques) - - UACH. Departamento de Bosques
590 _aALEPH
_b10
_c20130110
_lUCH01
_h1511
590 _aBATCH-UPD
_b10
_c20130110
_lUCH01
_h1752
590 _aBATCH-UPD
_b10
_c20130410
_lUCH01
_h1129
590 _aBATCH-UPD
_b10
_c20130914
_lUCH01
_h1705
590 _aCONVERSION
_b10
_c20130109
_lUCH01
_h1351
650 1 4 _aPináceas.
_988210
650 1 4 _aPináceas
_zMéxico.
_988275
901 _aBK
905 _aLilia
911 _aProceso
942 _cFOLL
949 _aTesis
_bBC
_cTES
_d00000001037451
_eTS1
_h45223
_i103745
_sb
949 _aTesis
_bBC
_cTES
_d00000001037453
_eTS2
_fc.3
_h45225
_i103745
_sb
949 _aTesis
_bBC
_cTES
_d33724000986691
_eTS2
_fc.2
_h45224
_i103745
_si
999 _c92201
_d92201